00749nam a2200241 a 4500001001300000003000900013005001700022008004100039020001000080082001700090100001600107245010100123260004200224300000900266500003500275505001000310650002300320700001600343902000800359942000700367952011800374999001500492nice12345678IN_TiNIC20260116012712.0070509s1984 dela grp 000 0 eng  ac17500a297.409bSOR aSorley, H T aShah Abdul Latif of BhitbStudy of Literary, Social and Economic Conditions in 18th Century Sind aDelhibAshish Publishing House c1984 a432p aincludes index and biblioraphy2 aIndex aSufism-Hagiography1 aSorley, H T bSRS cBK 001040708StackRoom-aHMIbHMId2007-05-09g175.00l0o297.409 SORp012515r2007-05-09v175.00w2007-05-09yBK c8016d8016